[Event "Muensterland Verbandsklasse-B 1112"]
[Site "Germany"]
[Date "2011.12.10"]
[Round "4.3"]
[White "Mantler, Heinrich"]
[Black "Janning, Rainer"]
[Result "0-1"]
[WhiteElo "1744"]
[BlackElo "1895"]
[PlyCount "62"]
[EventDate "2011.09.17"]
[EventType "team-tourn"]
[EventRounds "9"]
[EventCountry "GER"]
[SourceTitle "EXT 2013"]
[Source "ChessBase"]
[SourceDate "2012.11.22"]
[SourceVersion "1"]
[SourceVersionDate "2012.11.22"]
[SourceQuality "1"]
[WhiteTeam "Nienberge II"]
[BlackTeam "Steinfurt"]
[WhiteTeamCountry "GER"]
[BlackTeamCountry "GER"]

1. d4 d5 2. c4 e6 3. Nc3 c6 4. Qc2 f5 5. Bf4 Nf6 6. cxd5 exd5 7. Nf3 Bd6 8. Bxd6 Qxd6 9. e3 0-0 10. Bd3 Ne4 11. 0-0 Nd7 12. Rac1 Rf6 13. Ne2 Rh6 14. Ng3 Qf6 15. Nd2 Nf8 16. Rfe1 Bd7 17. Ndf1 Re8 18. Rcd1 Ng6 19. f3 Nd6 20. Qf2 f4 21. Bxg6 fxg3 22. Bxh7+ Kxh7 23. Nxg3 Qh4 24. Nf1 Qh5 25. g4 Bxg4 26. fxg4 Qxg4+ 27. Qg2 Qh4 28. Ng3 Rg6 29. Rd3 Ne4 30. Kf1 Rf8+ 31. Ke2 Qg4+ 0-1

[Event "Muensterland Verbandsklasse-B 1112"]
[Site "Germany"]
[Date "2011.11.12"]
[Round "3.3"]
[White "Roewekamp, Helmut"]
[Black "Mantler, Heinrich"]
[Result "0-1"]
[WhiteElo "1643"]
[BlackElo "1744"]
[PlyCount "44"]
[EventDate "2011.09.17"]
[EventType "team-tourn"]
[EventRounds "9"]
[EventCountry "GER"]
[SourceTitle "EXT 2013"]
[Source "ChessBase"]
[SourceDate "2012.11.22"]
[SourceVersion "1"]
[SourceVersionDate "2012.11.22"]
[SourceQuality "1"]
[WhiteTeam "Reckenfeld"]
[BlackTeam "Nienberge II"]
[WhiteTeamCountry "GER"]
[BlackTeamCountry "GER"]

1. e4 c5 2. Nf3 Nc6 3. Bc4 e6 4. d4 cxd4 5. Nxd4 Nf6 6. Bg5 Be7 7. Nxc6 bxc6 8. Bd3 Rb8 9. Bc1 e5 10. b3 d5 11. Qe2 Qc7 12. Bb2 d4 13. 0-0 0-0 14. Nd2 c5 15. h3 Nd7 16. Rab1 Nb6 17. Rfe1 a5 18. a4 Be6 19. Ba3 c4 20. Nxc4 Bxc4 21. Bxe7 Bxd3 22. Qxd3 Qxe7 0-1